Tratado de arrendamietnos rústicos (Record no. 70323)

MARC details
000 -LEADER
campo de control de longitud fija 00481nam a2200145 i 4500
001 - NÚMERO DE CONTROL
campo de control 70323
003 - IDENTIFICADOR DE NÚMERO DE CONTROL
campo de control ES-MaACL
007 - CAMPO FIJO DE DESCRIPCIÓN FÍSICA--INFORMACIÓN GENERAL
campo de control de longitud fija t|
008 - DATOS DE LONGITUD FIJA--INFORMACIÓN GENERAL
campo de control de longitud fija 040721m19451947sp ||||1| spa d
100 1# - ENTRADA PRINCIPAL--NOMBRE DE PERSONA
Nombre de persona García Royo, Amando.
9 (RLIN) 55227
245 10 - MENCIÓN DEL TÍTULO
Título Tratado de arrendamietnos rústicos
Resto del título : jurisprudencia sobre arrendamientos rústicos /
Mención de responsabilidad, etc. Amando García Royo.
260 ## - PUBLICACIÓN, DISTRIBUCIÓN, ETC.
Lugar de publicación, distribución, etc. Madrid :
Nombre del editor, distribuidor, etc. [s.n.,
Fecha de publicación, distribución, etc. 1945-1947] (
Fabricante Imp. Comercial)
300 ## - DESCRIPCIÓN FÍSICA
Extensión 3 v. ;
Dimensiones 22 cm.
852 ## - LOCALIZACIÓN
Ubicación ES-MaACL
Número de control de estantería E-4219-21
Sublocalización o colección R.23617-19
Holdings
Estatus retirado Estado de pérdida Estado de daño No para préstamo Biblioteca de origen Biblioteca actual Ubicación en estantería Fecha de adquisición Fuente de adquisición Total de préstamos Signatura topográfica completa Código de barras Visto por última vez Precio de reemplazo Tipo de ítem Koha
        Biblioteca del Ateneo de Madrid Biblioteca del Ateneo de Madrid Depósito 2 17/01/2008     E-4219-21 1073640 23/02/2023 23/02/2023 Libro impreso